Middlemarch ; (Record no. 174647)

000 -LEADER
fixed length control field 01251cam a2200337 a 4500
001 - CONTROL NUMBER
control field 13304749
003 - CONTROL NUMBER IDENTIFIER
control field NUST
005 - DATE AND TIME OF LATEST TRANSACTION
control field 20240327110000.0
008 - FIXED-LENGTH DATA ELEMENTS--GENERAL INFORMATION
fixed length control field 030808r20011858enk 000 1 eng d
010 ## - LIBRARY OF CONGRESS CONTROL NUMBER
LC control number 2003464524
020 ## - INTERNATIONAL STANDARD BOOK NUMBER
International Standard Book Number 0753703920
035 ## - SYSTEM CONTROL NUMBER
System control number (OCoLC)ocm50602763
040 ## - CATALOGING SOURCE
Original cataloging agency CWJ
Transcribing agency CWJ
Modifying agency OCLCQ
-- DLC
042 ## - AUTHENTICATION CODE
Authentication code lccopycat
043 ## - GEOGRAPHIC AREA CODE
Geographic area code e-uk-en
050 00 - LIBRARY OF CONGRESS CALL NUMBER
Classification number PR4662
Item number .A1 2001
082 00 - DEWEY DECIMAL CLASSIFICATION NUMBER
Classification number 823.8
Author Mark ELI
100 1# - MAIN ENTRY--PERSONAL NAME
Personal name Eliot, George,
Dates associated with a name 1819-1880.
9 (RLIN) 11431
245 10 - TITLE STATEMENT
Title Middlemarch ;
Remainder of title Silas Marner ; Amos Barton /
Statement of responsibility, etc. George Eliot.
260 ## - PUBLICATION, DISTRIBUTION, ETC.
Place of publication, distribution, etc. London :
Name of publisher, distributor, etc. Chancellor Press ;
Place of publication, distribution, etc. New York :
Name of publisher, distributor, etc. Distributed in the United States by Sterling Pub. Co.,
Date of publication, distribution, etc. 2001
Date of manufacture (2002 printing)
300 ## - PHYSICAL DESCRIPTION
Extent 851 p. ;
Dimensions 22 cm.
651 #0 - SUBJECT ADDED ENTRY--GEOGRAPHIC NAME
Geographic name England
General subdivision Social life and customs
Form subdivision Fiction.
9 (RLIN) 11644
700 12 - ADDED ENTRY--PERSONAL NAME
Personal name Eliot, George,
Dates associated with a name 1819-1880.
Title of a work Silas Marner.
9 (RLIN) 122220
700 12 - ADDED ENTRY--PERSONAL NAME
Personal name Eliot, George,
Dates associated with a name 1819-1880.
Title of a work Amos Barton.
9 (RLIN) 122221
740 02 - ADDED ENTRY--UNCONTROLLED RELATED/ANALYTICAL TITLE
Uncontrolled related/analytical title Silas Marner.
740 02 - ADDED ENTRY--UNCONTROLLED RELATED/ANALYTICAL TITLE
Uncontrolled related/analytical title Amos Barton.
856 42 - ELECTRONIC LOCATION AND ACCESS
Materials specified Publisher description
Uniform Resource Identifier <a href="http://www.loc.gov/catdir/description/ste041/2003464524.html">http://www.loc.gov/catdir/description/ste041/2003464524.html</a>
906 ## - LOCAL DATA ELEMENT F, LDF (RLIN)
a 7
b cbc
c copycat
d 2
e ncip
f 20
g y-gencatlg
942 ## - ADDED ENTRY ELEMENTS (KOHA)
Source of classification or shelving scheme
Koha item type Book
Holdings
Withdrawn status Lost status Source of classification or shelving scheme Damaged status Not for loan Permanent Location Current Location Shelving location Date acquired Total Checkouts Total Renewals Full call number Barcode Checked out Date last seen Date last checked out Copy number Price effective from Koha item type Public note
          Central Library (CL) Central Library (CL) Fiction 02/06/2017 3 1 823.8 ELI CL931 12/06/2025 05/26/2025 05/26/2025 1 02/06/2017 Book  
          Central Library (CL) Central Library (CL) Fiction 03/27/2024     823.8 ELI SEECS005838   03/27/2024     03/27/2024 Book  
  Write Off       Central Library (CL) Central Library (CL) Fiction 02/16/2021     823.8 ELI NBS5602   03/27/2024     03/27/2024 Book Weeded Out vide e-minute no 31247 Dated NOV 23, 2021
© 2023 Central Library, National University of Sciences and Technology. All Rights Reserved.